Etiketa na pracovisku

Základné pravidlá biznis etikety.

Guardado en:
Detalles Bibliográficos
Autor principal: Rolková, Monika
Formato: Capítulo de libro
Lenguaje:eslovaco
Materias:
Etiquetas: Agregar Etiqueta
Sin Etiquetas, Sea el primero en etiquetar este registro!

MARC

LEADER 00000naa a2200000 4500
001 0178194
005 20231120134018.5
041 0 |a slo 
044 |a SK 
245 1 0 |a Etiketa na pracovisku  |c Monika Rolková 
520 |a Základné pravidlá biznis etikety. 
610 2 0 |a etiketa 
610 2 0 |a vzťahy pracovné 
610 2 0 |a vzťahy spoločenské 
100 1 |a Rolková, Monika